Life Tritó Montseny : projecte cofinançat pel Programa LIFE de la Unió Europea projecte cofinançat pel Programa LIFE de la Unió Europea
Descripción Física:
1 full de mà ; il. col. ; 8 x 8 cm.
Idioma:
Catalán
MARC
| LEADER | 00000nkm a22000007a 4500 | ||
|---|---|---|---|
| 001 | 27242 | ||
| 003 | Arxiu | ||
| 005 | 20260324181150.0 | ||
| 008 | 230110b spa||||| |||| 00| 0 cat d | ||
| 017 | |a B 26158-2018 | ||
| 040 | |a agdb |b cat | ||
| 245 | |a Life Tritó Montseny : |b projecte cofinançat pel Programa LIFE de la Unió Europea | ||
| 260 | |a Barcelona : |b Diputació de Barcelona. Gabinet de premsa i comunicació ; |c 2018 | ||
| 300 | |a 1 full de mà ; |b il. col. ; |c 8 x 8 cm. | ||
| 610 | 2 | 0 | |9 53377 |a Life Tritó Montseny |
| 650 | 0 | |9 55037 |a Conservació de fauna salvatge | |
| 710 | 1 | |a Barcelona (Catalunya : Província). |b Diputació |9 52408 | |
| 710 | 1 | |9 11479 |a Girona (Catalunya : Província). |b Diputació | |
| 710 | 1 | |a Catalunya. |b Generalitat |9 12125 | |
| 710 | |a Zoo de Barcelona |9 55038 | ||
| 710 | |a Parc Natural del Montseny (Catalunya) |9 10461 | ||
| 942 | |2 udc |c ARXIU |n 1 | ||
| 952 | |0 0 |1 0 |2 udc |4 0 |6 NBM16162 |7 1 |9 64987 |a Arxiu |b Arxiu |d 2023-01-10 |l 0 |o NBM-16-162 |p 27242 |r 2023-01-10 00:00:00 |w 2023-01-10 |y ARXIU | ||
| 999 | |c 82942 |d 82942 | ||